| 000 | 00819nam a22002057a 4500 | ||
|---|---|---|---|
| 999 |
_c9859 _d9859 |
||
| 003 | AR-CdUCM | ||
| 008 | 190328b ||||| |||| 00| 0 spa d | ||
| 040 |
_aMUNICIPALIDAD PROVINCIAL DEL CUSCO _cBIBLIOTECA MUNICIPAL DEL CUSCO |
||
| 041 | _hfre | ||
| 082 |
_22ed. _a372.1 / _bR19 |
||
| 100 |
_aRambert, Madeleine L. _926359 |
||
| 245 | _aLa Vida Afectiva y Moral del Niño / | ||
| 260 |
_aBuenos Aires : _bKapelusz ; _c1957. |
||
| 300 |
_a227 páginas ; _c20cm |
||
| 505 | _aContenido: La exteriorización del conflicto en un plano de acción simbólica -- La toma de conciencia -- La liquidación de los conflictos -- El tratamiento de los niños mayores de 10 años -- Algunos problemas de sexualidad infantil... | ||
| 650 |
_aPsicología _91538 |
||
| 650 |
_aNiños _99390 |
||
| 942 |
_2ddc _cLIBROS |
||
| 945 | _anom | ||